An African exploration of the East Asian education experience / (Record no. 13558)

000 -LEADER
fixed length control field 00620cam a2200205 a 4500
020 ## - INTERNATIONAL STANDARD BOOK NUMBER
ISBN 9780821373712
020 ## - INTERNATIONAL STANDARD BOOK NUMBER
ISBN 0821373714
040 ## - CATALOGING SOURCE
Transcribing agency DLC
082 00 - DEWEY DECIMAL CLASSIFICATION NUMBER
Classification number 370 WOR 2008 A011 Or.
245 03 - TITLE STATEMENT
Title An African exploration of the East Asian education experience /
260 ## - PUBLICATION, DISTRIBUTION, ETC. (IMPRINT)
Place of publication Washington, D.C. :
Name of publisher World Bank,
Year of publication c2008.
300 ## - PHYSICAL DESCRIPTION
Number of Pages xx, 374 p. :
Other physical details ill. ;
Dimensions 26 cm. +
Accompanying material 1 CD-ROM (4 3/4 in.).
650 #0 - SUBJECT ADDED ENTRY--TOPICAL TERM
Topical Term Education
650 #0 - SUBJECT ADDED ENTRY--TOPICAL TERM
Topical Term Education and state
650 #0 - SUBJECT ADDED ENTRY--TOPICAL TERM
Topical Term Education
700 1# - ADDED ENTRY--PERSONAL NAME
Personal name Fredriksen, Birger.
700 1# - ADDED ENTRY--PERSONAL NAME
Personal name Tan, Jee-Peng,
856 41 - ELECTRONIC LOCATION AND ACCESS
Uniform Resource Identifier http://www.loc.gov/catdir/toc/ecip083/2007043611.html
942 ## - ADDED ENTRY ELEMENTS (KOHA)
Koha item type សៀវភៅភាសាអង់គ្លេស
952 ## - LOCATION AND ITEM INFORMATION (KOHA)
Withdrawn status [LOCAL, KOHA] 0
Holdings
Permanent Location Date acquired Koha item type Lost status Shelving location Barcode Current Location Full call number
Library Block A2017-08-28សៀវភៅភាសាអង់គ្លេស A011A22127Library Block A370 WOR 2008 A011 Or.
មជ្ឈមណ្ឌលឯការនៃសាកលវិទ្យាល័យភូមិន្ទកសិកម្មចំការដូង

Powered by Koha